000 00341nam a2200145Ia 4500
008 230711s9999||||xx |||||||||||||| ||und||
041 _aENG
082 _a510
_bAP-M
100 _aAposotol
245 0 _aMathematical analysis
250 _a1st Ed.
260 _c1991
_aNew Delhi
_bNarosa Publishing House
650 _aMathematics
942 _cBK
999 _c137
_d137